000 00505nam a2200181Ia 4500
008 090124s9999 xx 000 0 und d
082 _b31628
100 _aभावे अनंत
245 _a वडा-पाव
250 _a1
260 _bमेहता पब्लिशिंग हाऊस
_c1993
300 _a267
600 _aभावे अनंत
630 _a वडा-पाव
700 _aभावे अनंत
730 _a वडा-पाव
942 _cBOOK
999 _c97644
_d97644